Handbook of clinical anesthesia / (رقم التسجيلة. 34867)

تفاصيل مارك
000 -الفاتح
حقل البيانات ثابتة الطول 00751nam a22002297a 4500
003 - محدد رقم الضبط
رقم الضبط OSt
005 - وقت وتاريخ اخر تعامل مع التسجيلة
رقم الضبط 20150408114216.0
008 - عناصر البيانات ثابتة الطول - معلومات عامة
حقل البيانات ثابتة الطول 140510s2013 paua g b 001 0 eng d
020 ## - الرقم الدولى المعيارى للكتب
الرقم الدولى المعيارى للكتاب 9781451176155
040 ## - مصدر الفهرسة
وكالة الفهرسة الأصلية Ma-Un
082 04 - رقم تصنيف ديوى العشرى
رقم الطبعة 22
رقم التصنيف 617.96
رقم المادة HAC
245 00 - بيان العنوان
العنوان Handbook of clinical anesthesia /
بيان المسئوليه,etc Paul G. Barash... [et al.]
246 30 - العنوان الموازى
عنوان صحيح/عنوان مختصر Clinical anesthesia
250 ## - بيان الطبعة
بيان الطبعة 7th ed.
260 ## - PUBLICATION, DISTRIBUTION, ETC. (IMPRINT)
مكان الناشر او الموزع Philadelphia :
اسم الناشر او الموزع Lippincott Williams & Wilkins,
تاريخ النشر أو التوزيع 2013.
300 ## - الوصف المادى
التعداد xiv, 1134 p. :
تفاصيل ماديه اخرى للوعاء ill. ;
أبعاد الوعاء 19 cm.
504 ## - تبصرة ببليوجرافية
تبصرة ببليوجرافية,الخ Includes bibliographical references and index.
650 ## - المدخل الاضافى بالموضوع-مصطلح موضوعى
مصطلح موضوعي أو اسم جغرافي كعنصر مدخل Anesthesiology
التقسيم الفرعي الشكلي Handbooks, manuals, etc
9 (RLIN) 10743
650 ## - المدخل الاضافى بالموضوع-مصطلح موضوعى
مصطلح موضوعي أو اسم جغرافي كعنصر مدخل Anesthesia
التقسيم الفرعي الشكلي Handbooks, manuals, etc
9 (RLIN) 44612
700 1# - المدخل الاضافى - اسم شخصى
الإسم الشخصى Barash, Paul G
الدور editor.
9 (RLIN) 44613
942 ## - عناصر المدخل الإضافي( كوها)
مصدر التصنيف او مخطط الترفيف Dewey Decimal Classification
Koha [default] item type كتاب
المقتنيات
حالة الفقد نموذج السعر الفعال حالة تلف ليس للاعارة رقم الطلب رقم النسخة تاريخ الاكتساب مصدر التزويد الموقع الحالي الباركود الفرع الرئيسي Date last seen نوع المادة فى نظام كوها مصدر التصنيف او خطة الترفيف Total Checkouts
  2014-05-10   Not For Loan 617.96 HAC 1 2014-05-10 دار العرب المكتبة المركزية بالمجمعة (CL) 00210179 المكتبة المركزية بالمجمعة (CL) 2014-05-10 كتاب Dewey Decimal Classification  
  2014-05-10     617.96 HAC 2 2014-05-10 دار العرب المكتبة المركزية بالمجمعة (CL) 00210180 المكتبة المركزية بالمجمعة (CL) 2014-05-10 كتاب Dewey Decimal Classification  
  2014-05-10     617.96 HAC 3 2014-05-10 دار العرب المكتبة المركزية بالمجمعة (CL) 00210181 المكتبة المركزية بالمجمعة (CL) 2014-05-10 كتاب Dewey Decimal Classification